[Event "Portuguese Honra"]
[Site "Lisbon"]
[Date "2022.12.21"]
[Round "8"]
[White "Silva, Lourenco Santa Clar"]
[Black "Gama, Joao Tiago Correged"]
[Result "1/2-1/2"]
[WhiteElo "1693"]
[BlackElo "1685"]
[PlyCount "44"]
[EventDate "2022.12.16"]
[EventType "tourn"]
[EventRounds "9"]
[EventCountry "POR"]
[SourceTitle "CBM 211 Extra"]
[Source "ChessBase"]
[SourceDate "2023.01.31"]
[SourceVersion "1"]
[SourceVersionDate "2023.01.31"]
[SourceQuality "1"]

1. e4 e5 2. Nf3 Nc6 3. Bb5 Nf6 4. d3 Bc5 5. 0-0 d6 6. h3 h6 7. c3 a6 8. Ba4 Bd7 9. Re1 0-0 10. Nbd2 Ba7 11. Nf1 Nh7 12. Be3 Bxe3 13. Nxe3 f5 14. exf5 Bxf5 15. Nxf5 Rxf5 16. Qb3+ Kh8 17. Qxb7 Ne7 18. d4 Rb8 19. Qe4 Nf6 20. Qe2 e4 21. Nh2 Ng6 22. g3 d5 1/2-1/2